000 00587nam a22001937a 4500
005 20230130084712.0
008 230130b |||||||| |||| 00| 0 eng d
020 _a978-971-9654-62-9
082 _aFil. 005.74 P124 2017
100 _aPadre, Nilo M.
_eauthor
245 _aFundamentals of database management system /
_cNilo M. Padre
250 _a1st ed.
260 _aManila:
_bUnlimited Books Library Services & Publishing,
_cc2017.
300 _ax, 123p.
504 _aIncludes references
541 _e5958 c.1, 5959 c.2
650 _aDatabase management
650 _aDatabases
999 _c749
_d749